| 000 | 00625 a2200193 4500 | ||
|---|---|---|---|
| 005 | 20120822113247.0 | ||
| 008 | 120822t xxu||||| |||| 00| 0 eng d | ||
| 041 | _aHindi | ||
| 080 |
_a89H-3.09 _bMOU |
||
| 100 |
_aMourye, Dev Krishna _921311 |
||
| 245 | _aUpanyas shilpi ajney | ||
| 300 | _a146p. | ||
| 653 | _aHindi literature-criticism | ||
| 653 | _aAjney-fiction criticism | ||
| 942 | _cBK | ||
| 260 |
_bShailaja Prakashan _c2006 _aKanpur _921312 |
||
| 020 | _a8190239120 | ||
| 952 |
_w2012-06-01 _p00067750 _v0.00 _r2012-06-01 _40 _e90 _00 _bUL _10 _o89H-3.09 MOU _d2012-06-01 _8FIC _70 _cGEN _2udc _g0.00 _yBK _aUL |
||
| 999 |
_c74248 _d74247 |
||